| 000 | 00701nam a22002411c 4500 | ||
|---|---|---|---|
| 001 | a987662139 | ||
| 008 | 080924s2008 gw |||| 000u rus d | ||
| 041 | _arus | ||
| 245 | 0 | 0 |
_aPaleografija i kodikologija : _b300 let posle Monfokona ; Materialy mezdunarodnoj naučnoj konferencii Moskva, 14-16 maja 2008 g. |
| 264 |
_aMoskva, _c2008 |
||
| 300 | _a295 S. | ||
| 650 | 0 | _aOrthodoxie | |
| 650 | 0 | _a | |
| 651 | 0 | _aByzanz | |
| 651 | 0 | _a | |
| 655 | 0 | _aAufsatzsammlung | |
| 700 | 1 |
_aFonkič, B. L. _eHerausgeberIn |
|
| 710 | 2 | _aRAN / Institut vseobščej istorii | |
| 710 | 2 | _aRossijskij gosudarstvennyj gumanitarnyj universitet | |
| 942 | _cMG | ||
| 040 | _cRU-10907106 | ||
| 003 | RU-10907106 | ||
| 999 |
_c16532 _d16532 |
||